Escuelas creativas (Record no. 29345)
[ view plain ]
| 000 -LEADER | |
|---|---|
| campo de control de longitud fija | 01245mm a2200385a 44500 |
| 001 - NÚMERO DE CONTROL | |
| campo de control | NM030038 |
| 003 - IDENTIFICADOR DE NÚMERO DE CONTROL | |
| campo de control | RG CODE MARC |
| 008 - DATOS DE LONGITUD FIJA--INFORMACIÓN GENERAL | |
| campo de control de longitud fija | 95020s2015 ||||||||||||||000 | spa|| |
| 005 - FECHA Y HORA DE LA ÚLTIMA TRANSACCIÓN | |
| campo de control | 20251028183339.0 |
| 020 ## - NÚMERO INTERNACIONAL ESTÁNDAR DEL LIBRO | |
| Número Internacional Estándar del Libro | 978-950-28-0831-4 |
| 040 ## - FUENTE DE CATALOGACIÓN | |
| Centro catalogador/agencia de origen | ORG CODE MARC |
| 100 ## - ENTRADA PRINCIPAL--NOMBRE DE PERSONA | |
| Nombre de persona | Robinson, Ken |
| 9 (RLIN) | 40884 |
| 245 ## - MENCIÓN DEL TÍTULO | |
| Título | Escuelas creativas |
| Resto del título | la revolución que está transformando la educación |
| Mención de responsabilidad, etc. | Ken Robinson , y Lou Aronica, y Rosa Pérez Pérez |
| 250 ## - MENCION DE EDICION | |
| Mención de edición | 1ª ed. |
| 260 ## - PUBLICACIÓN, DISTRIBUCIÓN, ETC. | |
| Lugar de publicación, distribución, etc. | Buenos Aires |
| Nombre del editor, distribuidor, etc. | Grijalbo |
| 300 ## - DESCRIPCIÓN FÍSICA | |
| Extensión | 367 p. |
| Otras características físicas | 22 cm. |
| 500 ## - NOTA GENERAL | |
| Nota general | Título original: Creative Schools |
| 500 ## - NOTA GENERAL | |
| Nota general | Donación de Pablo Vernola, 2025 |
| 500 ## - NOTA GENERAL | |
| Nota general | Incluye índice |
| 505 ## - NOTA DE CONTENIDO CON FORMATO | |
| Título | Introducción. Un minuto antes de medianoche |
| 505 ## - NOTA DE CONTENIDO CON FORMATO | |
| Título | 1. Volver a lo básico |
| 505 ## - NOTA DE CONTENIDO CON FORMATO | |
| Título | 2. Cambiar de metáfora |
| 505 ## - NOTA DE CONTENIDO CON FORMATO | |
| Título | 3. Cambiar las escuelas |
| 505 ## - NOTA DE CONTENIDO CON FORMATO | |
| Título | 4. Aprendices natos |
| 505 ## - NOTA DE CONTENIDO CON FORMATO | |
| Título | 5. El arte de enseñar |
| 505 ## - NOTA DE CONTENIDO CON FORMATO | |
| Título | 6. ¿Qué merece la pensa saber? |
| 505 ## - NOTA DE CONTENIDO CON FORMATO | |
| Título | 7. Exámenes, exámenes |
| 505 ## - NOTA DE CONTENIDO CON FORMATO | |
| Título | 8. Dirigir con principios |
| 505 ## - NOTA DE CONTENIDO CON FORMATO | |
| Título | 9. De vuelta al hogar |
| 505 ## - NOTA DE CONTENIDO CON FORMATO | |
| Título | 10. Cambiar el clima general |
| 505 ## - NOTA DE CONTENIDO CON FORMATO | |
| Título | Epílogo |
| 700 ## - ENTRADA AGREGADA--NOMBRE PERSONAL | |
| Nombre de persona | Aronica, Lou |
| 9 (RLIN) | 40885 |
| 700 ## - ENTRADA AGREGADA--NOMBRE PERSONAL | |
| Nombre de persona | Pérez Pérez, Rosa |
| 9 (RLIN) | 40886 |
| 942 ## - ELEMENTOS DE ENTRADA SECUNDARIOS (KOHA) | |
| Tipo de ítem Koha | Colección General |
| Estatus retirado | Estado de pérdida | Estado de daño | No para préstamo | Biblioteca de origen | Biblioteca actual | Fecha de adquisición | Total de préstamos | Código de barras | Visto por última vez | Precio de reemplazo | Tipo de ítem Koha |
|---|---|---|---|---|---|---|---|---|---|---|---|
| Biblioteca Pluis | Biblioteca Pluis | 28/10/2025 | 046899 | 28/10/2025 | 28/10/2025 | Colección General |
